000 00383nam a2200157Ia 4500
008 231217s9999 xx 000 0 und d
041 _aEnglish
082 _a001.6424C BAL;14 R
100 _aBalagurusamy, E.
245 0 _aObject-oriented programming with C++
250 _a2nd ed.
260 _c2001
_bNew Delhi : TMH,
300 _axiv+533
650 _aC++
942 _cAA
999 _c168332
_d168332